| 000 | 00346nam a2200157Ia 4500 | ||
|---|---|---|---|
| 008 | 230711s9999||||xx |||||||||||||| ||und|| | ||
| 041 | _aENG | ||
| 082 |
_a621 _bOG-S |
||
| 100 | _aOgata,Katsuhiko | ||
| 245 | 0 | _aSystem dynamics | |
| 250 | _a4th . Ed. | ||
| 260 |
_c2005 _aNew Delhi _bPearson |
||
| 300 | _a768 | ||
| 650 | _aPhysics | ||
| 942 | _cBK | ||
| 999 |
_c4465 _d4465 |
||